| 000 | 00457nam a2200193Ia 4500 | ||
|---|---|---|---|
| 005 | 20220810152642.0 | ||
| 008 | 140110s9999 xx 000 0 und d | ||
| 020 |
_a9780007454259 _cRs.299.00 |
||
| 040 | _aLoreto College | ||
| 041 | _aEnglish | ||
| 082 |
_aF _bHIG |
||
| 100 | _aHiggins, Jack | ||
| 245 |
_aFlight of eagles _cJack Higgins |
||
| 260 |
_aLondon _bHarper _c2011 |
||
| 300 | _a374p. | ||
| 650 | _aFiction | ||
| 850 | _aLCLIB | ||
| 942 | _cBK | ||
| 999 |
_c38392 _d88871 |
||